Gramática de la lengua bribri
保存先:
| 第一著者: | |
|---|---|
| フォーマット: | 図書 |
| 言語: | Spanish |
| 出版事項: |
San José, Costa Rica
Escuela de Filología, Lingüística y Literatura, Instituto de Investigaciones Lingüísticas, Universidad de Costa Rica
2018
|
| 主題: | |
| タグ: |
タグ追加
タグなし, このレコードへの初めてのタグを付けませんか!
|
MARC
| LEADER | 00000nam a22000007a 4500 | ||
|---|---|---|---|
| 008 | 181018b xxu||||| |||| 00| 0 spa d | ||
| 020 | |a 978-9930-9653-7-5 | ||
| 040 | |a cru BVZT | ||
| 090 | |a 415-In J-1g | ||
| 100 | |a Jara Murillo, Carla | ||
| 245 | |a Gramática de la lengua bribri |c Carla Jara Murillo | ||
| 260 | |a San José, Costa Rica |b Escuela de Filología, Lingüística y Literatura, Instituto de Investigaciones Lingüísticas, Universidad de Costa Rica |c 2018 | ||
| 300 | |a 272 páginas. Contiene un disco compacto. |e Contiene un disco compacto. | ||
| 650 | |a GRAMÁTICA INDÍGENA | ||
| 650 | |a LENGUA BRIBRI | ||
| 650 | |a GRAMÁTICA BRIBRI | ||
| 650 | |a ENSEÑANZA DE LA LENGUA BRIBRI | ||
| 650 | |a PUEBLOS INDÍGENAS DE COSTA RICA | ||
| 650 | |a FONOLOGÍA | ||
| 650 | |a SUSTANTIVOS | ||
| 650 | |a VERBOS | ||
| 650 | |a ADJETIVOS | ||
| 650 | |a IDEÓFONOS | ||
| 650 | |a INTERJECCIONES | ||
| 650 | |a PRONOMBRES | ||
| 650 | |a EXISTENCIALES - ESTATIVOS | ||
| 650 | |a POSPOSICIONES | ||
| 650 | |a CONJUNCIONES Y PARTÍCULAS | ||
| 650 | |a FRASES | ||
| 650 | |a ORACIONES | ||
| 650 | |a DISCURSO | ||
| 650 | |a TIPOS DE DISCURSOS | ||
| 999 | |c 30616 |d 30616 | ||
| 942 | |c SALA |h 415-In J-1g |2 z | ||



